| 000 | 00380 a2200169 4500 | ||
|---|---|---|---|
| 001 | 184638 | ||
| 020 | _a85-349-0876-1 | ||
| 040 | _cMagnum | ||
| 100 | _aAlves, Rubem | ||
| 240 | 1 | 0 |
_aA volta do pássaro encantado _lpor |
| 245 | 1 | 0 | _aA volta do pássaro encantado |
| 300 | _a32 | ||
| 362 | 0 | _a1999 | |
| 440 | 1 | _aPaulus | |
| 697 | _aLITERATURA INFANTO-JUVENIL | ||
| 942 | _cBK | ||
| 999 |
_c184638 _d184638 |
||